00498nam a2200133Ia 4500008004100000020001800041082001700059110001100076245012700087260002200214300001000236500004300246650007500289120629s9999 xx 000 0 und d a970-704-066-1 a378.12 A637a aANUIES a Anuario estadístico, 2001 : personal docente de licenciatura y de posgrado en universidades e institutos tecnológicos aMéxico : ANUIES a357 p aÍndice alfabético de instituciones a1. PERSONAL DOCENTE-MEXICO-ESTADISTICAS \ 2. EDUCACION-ESTADISTICASÌ